[Event "31. DSenEM2019-Gruppe-50"]
[Site "Radebeul"]
[Date "2019.04.30"]
[Round "5.1"]
[White "Nekrasov, Mihail"]
[Black "Köhler, Gerhard, Dr."]
[Result "1-0"]
[BlackElo "2153"]
[BlackTeam "USV Halle"]
[WhiteElo "2277"]
[WhiteTeam "SV Hockenheim"]

1. e4 { [%clk 1:30:58]}  1... e6 { [%clk 1:30:57]}  2. d4 { [%clk 1:30:49]} 
2... d5 { [%clk 1:31:22]}  3. Nd2 { [%clk 1:30:31]}  3... Nf6 { [%clk 1:31:11]}
 4. e5 { [%clk 1:29:57]}  4... Nfd7 { [%clk 1:31:19]}  5. Bd3 { [%clk 1:30:09]}
 5... c5 { [%clk 1:30:40]}  6. c3 { [%clk 1:30:22]}  6... Nc6 { [%clk 1:27:53]}
 7. Ne2 { [%clk 1:30:07]}  7... Qb6 { [%clk 1:24:51]}  8. Nf3 { [%clk 1:30:12]}
 8... cxd4 { [%clk 1:23:53]}  9. cxd4 { [%clk 1:30:28]}  9... Be7 { [%clk
1:16:13]}  10. O-O { [%clk 1:21:49]}  10... Qd8 { [%clk 1:09:54]}  11. a3 {
[%clk 1:19:59]}  11... Nb6 { [%clk 1:09:12]}  12. b3 { [%clk 1:12:46]}  12...
Bd7 { [%clk 1:08:48]}  13. Bd2 { [%clk 1:12:49]}  13... a5 { [%clk 1:03:12]} 
14. Nc3 { [%clk 1:11:34]}  14... f5 { [%clk 0:56:37]}  15. exf6 { [%clk
1:08:15]}  15... gxf6 { [%clk 0:39:02]}  16. Nh4 { [%clk 1:06:11]}  16... Bc8 {
[%clk 0:24:57]}  17. Nb5 { [%clk 1:04:54]}  17... Kd7 { [%clk 0:24:49]}  18.
Bf4 { [%clk 0:45:03]}  18... Qg8 { [%clk 0:25:05]}  19. Nc7 { [%clk 0:45:11]} 
19... Nxd4 { [%clk 0:24:06]}  20. Nxa8 { [%clk 0:45:03]}  20... Nxa8 { [%clk
0:24:16]}  21. b4 { [%clk 0:41:17]}  21... Nc6 { [%clk 0:15:18]}  22. Bg3 {
[%clk 0:40:29]}  22... Qg7 { [%clk 0:10:40]}  23. Re1 { [%clk 0:37:41]}  23...
Kd8 { [%clk 0:04:08]}  24. Bb5 { [%clk 0:30:52]}  24... Ne5 { [%clk 0:03:29]} 
25. Qd4 { [%clk 0:21:33]}  25... Bd6 { [%clk 0:03:12]}  26. f4 { [%clk
0:19:45]}  26... Nf7 { [%clk 0:03:13]}  27. Rac1 { [%clk 0:19:11]}  27... axb4
{ [%clk 0:02:34]}  28. axb4 { [%clk 0:19:29]}  28... Bc7 { [%clk 0:02:54]}  29.
Qd3 { [%clk 0:15:11]}  29... f5 { [%clk 0:02:16]}  30. Nxf5  1-0

[Event "31. DSenEM2019-Gruppe-50"]
[Site "Radebeul"]
[Date "2019.04.30"]
[Round "5.2"]
[White "Metz, Hartmut"]
[Black "Held, Peter"]
[Result "1-0"]
[BlackElo "2179"]
[BlackTeam "SC Kreuzberg"]
[WhiteElo "2251"]
[WhiteTeam "SG Kuppenheim"]

1. e4 { [%clk 1:30:58]}  1... e5 { [%clk 1:30:57]}  2. Nf3 { [%clk 1:31:21]} 
2... Nc6 { [%clk 1:31:02]}  3. d4 { [%clk 1:31:44]}  3... exd4 { [%clk
1:31:20]}  4. Nxd4 { [%clk 1:32:07]}  4... Nf6 { [%clk 1:31:38]}  5. Nxc6 {
[%clk 1:31:14]}  5... bxc6 { [%clk 1:32:04]}  6. e5 { [%clk 1:29:33]}  6... Qe7
{ [%clk 1:30:50]}  7. Qe2 { [%clk 1:29:56]}  7... Nd5 { [%clk 1:31:10]}  8. c4
{ [%clk 1:28:41]}  8... Ba6 { [%clk 1:31:30]}  9. g3 { [%clk 1:25:03]}  9... g6
{ [%clk 1:31:31]}  10. Bg2 { [%clk 1:24:00]}  10... Bg7 { [%clk 1:30:02]}  11.
O-O { [%clk 1:24:09]}  11... O-O-O { [%clk 1:20:00]}  12. Re1 { [%clk 1:18:17]}
 12... Qb4 { [%clk 1:03:51]}  13. Nd2 { [%clk 1:13:51]}  13... Rhe8 { [%clk
0:58:38]}  14. a3 { [%clk 1:12:56]}  14... Qc5 { [%clk 0:53:08]}  15. Qd1 {
[%clk 1:00:20]}  15... Nb6 { [%clk 0:44:26]}  16. Ne4 { [%clk 0:49:17]}  16...
Qxe5 { [%clk 0:26:15]}  17. c5 { [%clk 0:49:04]}  17... Nd5 { [%clk 0:24:59]} 
18. Nd6+ { [%clk 0:48:49]}  18... cxd6 { [%clk 0:25:16]}  19. Rxe5 { [%clk
0:49:15]}  19... Rxe5 { [%clk 0:24:47]}  20. cxd6 { [%clk 0:47:23]}  20... Rde8
{ [%clk 0:14:56]}  21. Bd2 { [%clk 0:47:35]}  21... Bf8 { [%clk 0:14:44]}  22.
f4 { [%clk 0:38:38]}  22... R5e6 { [%clk 0:09:11]}  23. Bxd5 { [%clk 0:33:24]} 
23... cxd5 { [%clk 0:09:36]}  24. Qc2+ { [%clk 0:33:27]}  24... Kb8 { [%clk
0:09:10]}  25. Qc7+ { [%clk 0:33:21]}  25... Ka8 { [%clk 0:09:37]}  26. Bb4 {
[%clk 0:33:31]}  26... Bb7 { [%clk 0:07:32]}  27. Bc5 { [%clk 0:22:56]}  27...
Rc8 { [%clk 0:05:10]}  28. Qa5 { [%clk 0:22:45]}  28... Rxc5 { [%clk 0:05:34]} 
29. Qxc5 { [%clk 0:23:12]}  29... Bxd6 { [%clk 0:05:54]}  30. Qa5 { [%clk
0:18:59]}  30... Bc6 { [%clk 0:05:39]}  31. Re1 { [%clk 0:14:41]}  31... Bc7 {
[%clk 0:02:15]}  32. Qb4 { [%clk 0:12:49]}  32... Bb6+ { [%clk 0:01:26]}  33.
Kf1 { [%clk 0:13:02]}  33... Re4 { [%clk 0:01:46]}  34. Rxe4 { [%clk 0:09:42]} 
34... dxe4 { [%clk 0:02:13]}  35. a4 { [%clk 0:09:14]}  35... h5 { [%clk
0:01:06]}  36. a5 { [%clk 0:07:33]}  36... Bc7 { [%clk 0:01:34]}  37. a6 {
[%clk 0:07:14]}  37... d6 { [%clk 0:00:56]}  38. Qc4  1-0

[Event "31. DSenEM2019-Gruppe-50"]
[Site "Radebeul"]
[Date "2019.04.30"]
[Round "5.3"]
[White "Müller, Michael"]
[Black "Belke, Frank, Dr."]
[Result "1/2-1/2"]
[BlackElo "2283"]
[BlackTeam "Schachclub Hietzing (Wien)"]
[WhiteElo "2163"]
[WhiteTeam "SC Viernheim"]

1. d4 Nf6 2. Nf3 g6 3. Bf4 Bg7 4. e3 O-O 5. h3 d5 6. Bd3 c5 7. c3 b6 8. Qe2 Bb7
9. Nbd2 Nc6 10. O-O Nd7 11. Rad1 e5 12. dxe5 Ndxe5 13. Ba6 Bxa6 14. Qxa6 Qe7
15. Nxe5 Nxe5 16. Bxe5 Qxe5 17. Nf3 Qe6 18. Rfe1 Qc6 19. Rd2 Rfd8 20. Red1 Bf6
21. Qe2 Qe6 22. Rd3 d4 23. cxd4 Qxa2 24. dxc5 Rxd3 25. Rxd3 bxc5 26. Rd7 Rb8
27. e4 Rxb2 28. Qe3 Qb1+ 29. Kh2 Rb7 30. Rxb7 Qxb7 31. Qxc5 Bd8 32. e5 Be7 33.
Qe3 Qb6 34. Qd2 a5 35. Qd7 Qc5 36. Kg1 Kg7 37. g3 Qb4 38. e6 Qd6 39. Qb5 Qxe6
40. Qxa5 Qxh3 41. Qe5+ Bf6 42. Qe4 h5 43. Qf4 Qd7 44. Qe4 Qh3 45. Qf4 Qe6 46.
Kg2 Qd5 47. Qd2 Qe4 48. Qe1 Qc6 49. Qe3 g5 50. Kg1 Qd5 51. Qe2 Qf5 52. Nh2 g4
53. Nf1 Bd4 54. Qd2 Qe5 55. Qd3 f5 56. Qd2 Kg6 57. Qd3 Qe4 58. Qa6+ Kg5 59. Qc8
Qd5 60. Qc1+ Kg6 61. Qc8 Kg5 62. Qc1+ Kg6 63. Qc8 Qe5 64. Qg8+ Qg7 65. Qe6+ Kg5
66. Ne3 Bxe3 67. Qxe3+ Kg6 68. Qe6+ Qf6 69. Qg8+ Kh6 70. Kg2 f4 71. gxf4 Qxf4
72. Qh8+ Kg5 73. Qg7+ Kh4 74. Qe7+ Qg5 75. Qe4 Qf6 76. Qd5 Qe7 77. Qc6 Qe5 78.
Qc4 Kg5 79. Qg8+ Kf4 80. Qf7+ Qf5 81. Qc7+ Qe5 82. Qf7+ Kg5 83. Qg8+ Kf5 84.
Qf7+ Ke4 85. f3+ Ke3 86. fxg4 Qe4+ 87. Kg3 Qxg4+ 88. Kh2 Qh4+ 89. Kg2 Qe4+ 90.
Kh2  1/2-1/2

[Event "31. DSenEM2019-Gruppe-50"]
[Site "Radebeul"]
[Date "2019.04.30"]
[Round "5.4"]
[White "Stahr, Ralf-Peter"]
[Black "Schmidt, Gerhard, Dr."]
[Result "1-0"]
[BlackElo "2077"]
[BlackTeam "SV Kreuztal"]
[WhiteElo "2160"]
[WhiteTeam "Hohenleipischer SV Lok"]

1. c4 { [%clk 1:30:53]}  1... Nf6 { [%clk 1:30:42]}  2. Nc3 { [%clk 1:31:14]} 
2... g6 { [%clk 1:30:56]}  3. e4 { [%clk 1:31:37]}  3... d6 { [%clk 1:31:10]} 
4. d4 { [%clk 1:31:58]}  4... Bg7 { [%clk 1:31:23]}  5. Be2 { [%clk 1:32:21]} 
5... O-O { [%clk 1:31:24]}  6. Nf3 { [%clk 1:32:45]}  6... e5 { [%clk 1:31:16]}
 7. dxe5 { [%clk 1:32:42]}  7... dxe5 { [%clk 1:31:30]}  8. Qxd8 { [%clk
1:33:07]}  8... Rxd8 { [%clk 1:31:48]}  9. Bg5 { [%clk 1:33:30]}  9... Re8 {
[%clk 1:17:04]}  10. Nd5 { [%clk 1:32:18]}  10... Nxd5 { [%clk 1:17:08]}  11.
cxd5 { [%clk 1:32:45]}  11... c6 { [%clk 1:16:00]}  12. Bc4 { [%clk 1:28:15]} 
12... b5 { [%clk 1:06:41]}  13. Bb3 { [%clk 1:28:25]}  13... Bb7 { [%clk
1:06:46]}  14. Rd1 { [%clk 1:22:38]}  14... cxd5 { [%clk 1:00:28]}  15. Bxd5 {
[%clk 1:22:46]}  15... Bxd5 { [%clk 0:56:44]}  16. Rxd5 { [%clk 1:23:03]} 
16... Nc6 { [%clk 0:56:10]}  17. Ke2 { [%clk 1:17:34]}  17... f5 { [%clk
0:53:07]}  18. Rc1 { [%clk 1:12:05]}  18... Nd4+ { [%clk 0:41:02]}  19. Kd3 {
[%clk 1:10:25]}  19... Ne6 { [%clk 0:13:30]}  20. Rxb5 { [%clk 1:02:58]}  20...
h6 { [%clk 0:11:29]}  21. Be3 { [%clk 1:01:22]}  21... Rad8+ { [%clk 0:11:08]} 
22. Ke2 { [%clk 0:47:39]}  22... Nd4+ { [%clk 0:09:37]}  23. Bxd4 { [%clk
0:41:20]}  23... exd4 { [%clk 0:08:30]}  24. e5 { [%clk 0:40:10]}  24... g5 {
[%clk 0:07:44]}  25. Rcc5 { [%clk 0:38:55]}  25... a6 { [%clk 0:07:29]}  26.
Ra5 { [%clk 0:39:02]}  26... d3+ { [%clk 0:06:56]}  27. Kd1 { [%clk 0:37:24]} 
27... Rb8 { [%clk 0:05:45]}  28. b3 { [%clk 0:37:30]}  28... g4 { [%clk
0:04:28]}  29. Nd4 { [%clk 0:33:52]}  29... Rb4 { [%clk 0:03:28]}  30. Nxf5 {
[%clk 0:27:42]}  30... Rf4 { [%clk 0:03:36]}  31. Nxg7 { [%clk 0:28:05]}  31...
Kxg7 { [%clk 0:03:52]}  32. Kd2 { [%clk 0:26:53]}  32... Rxf2+ { [%clk
0:03:15]}  33. Kxd3 { [%clk 0:27:14]}  33... Rxg2 { [%clk 0:02:36]}  34. Rxa6 {
[%clk 0:26:42]}  34... Rxh2 { [%clk 0:01:37]}  35. Ke4 { [%clk 0:26:32]}  35...
Rf2 { [%clk 0:01:56]}  36. Rc7+ { [%clk 0:26:39]}  36... Rf7 { [%clk 0:00:51]} 
37. Rxf7+ { [%clk 0:26:56]}  37... Kxf7 { [%clk 0:01:18]}  38. Rxh6 { [%clk
0:27:18]}  38... Rg8 { [%clk 0:01:41]}  39. Rh2 { [%clk 0:24:02]}  39... g3 {
[%clk 0:01:43]}  40. Rg2 { [%clk 0:24:18]}  40... Ke6 { [%clk 0:01:47]}  41.
Kf4 { [%clk 0:23:59]}  41... Rf8+ { [%clk 0:01:30]}  42. Kxg3 { [%clk 0:23:45]}
 42... Kxe5 { [%clk 0:01:48]}  43. Rf2 { [%clk 0:23:21]}  43... Rg8+ { [%clk
0:01:55]}  44. Kf3 { [%clk 0:23:30]}  44... Kd4 { [%clk 0:02:17]}  45. Ke2 {
[%clk 0:22:37]}  45... Kc3 { [%clk 0:01:03]}  46. Ke3 { [%clk 0:16:58]}  46...
Re8+ { [%clk 0:00:52]}  47. Kf3 { [%clk 0:17:09]}  47... Re7 { [%clk 0:29:23]} 
48. Re2 { [%clk 0:44:39]}  48... Rf7+ { [%clk 0:28:57]}  49. Ke3 { [%clk
0:44:51]}  49... Rf8 { [%clk 0:28:56]}  50. Rh2 { [%clk 0:45:07]}  50... Re8+ {
[%clk 0:29:08]}  51. Kf4 { [%clk 0:45:15]}  51... Re1 { [%clk 0:27:18]}  52.
Rh3+ { [%clk 0:44:30]}  52... Kb4 { [%clk 0:26:11]}  53. Re3 { [%clk 0:44:27]} 
53... Ra1 { [%clk 0:23:00]}  54. Re2 { [%clk 0:44:44]}  54... Ka3 { [%clk
0:18:15]}  55. Ke3 { [%clk 0:44:26]}  55... Rd1 { [%clk 0:17:27]}  56. Rd2 {
[%clk 0:44:40]}  56... Re1+ { [%clk 0:17:26]}  57. Kd3 { [%clk 0:44:49]}  57...
Re8 { [%clk 0:17:20]}  58. Kc4 { [%clk 0:39:54]}  58... Rc8+ { [%clk 0:17:37]} 
59. Kb5 { [%clk 0:40:16]}  59... Rb8+ { [%clk 0:17:43]}  60. Kc6 { [%clk
0:40:26]}  60... Rc8+ { [%clk 0:17:29]}  61. Kb6 { [%clk 0:40:41]}  61... Rb8+
{ [%clk 0:17:21]}  62. Kc7 { [%clk 0:40:47]}  62... Rb4 { [%clk 0:16:19]}  63.
Rh2 { [%clk 0:39:15]}  63... Rg4 { [%clk 0:16:19]}  64. Kc6 { [%clk 0:39:11]} 
64... Rg6+ { [%clk 0:15:42]}  65. Kc5 { [%clk 0:39:20]}  65... Rg5+ { [%clk
0:15:37]}  66. Kc4 { [%clk 0:39:39]}  66... Rg4+ { [%clk 0:15:46]}  67. Kc3 {
[%clk 0:39:35]}  67... Rg3+ { [%clk 0:15:41]}  68. Kd4 { [%clk 0:38:42]}  68...
Rg4+ { [%clk 0:15:58]}  69. Ke3 { [%clk 0:39:08]}  69... Rg8 { [%clk 0:15:49]} 
70. Re2 { [%clk 0:38:11]}  70... Rf8 { [%clk 0:15:53]}  71. Kd4 { [%clk
0:37:06]}  71... Rd8+ { [%clk 0:15:34]}  72. Kc5 { [%clk 0:37:13]}  72... Rc8+
{ [%clk 0:15:51]}  73. Kd6 { [%clk 0:37:19]}  73... Rd8+ { [%clk 0:16:01]}  74.
Kc7 { [%clk 0:37:43]}  74... Rd4 { [%clk 0:15:34]}  75. Rc2 { [%clk 0:35:43]} 
75... Rh4 { [%clk 0:15:32]}  76. Rc4 { [%clk 0:34:23]}  76... Rh7+ { [%clk
0:15:37]}  77. Kb6 { [%clk 0:34:48]}  77... Kxa2 { [%clk 0:15:48]}  78. b4 {
[%clk 0:34:32]}  78... Kb3 { [%clk 0:15:45]}  79. Rd4 { [%clk 0:34:16]}  79...
Rh6+ { [%clk 0:03:28]}  80. Ka5 { [%clk 0:34:25]}  80... Kc3 { [%clk 0:01:56]} 
81. Re4 { [%clk 0:34:25]}  81... Kd3 { [%clk 0:02:08]}  82. Rf4 { [%clk
0:34:30]}  82... Ke3 { [%clk 0:02:25]}  83. Rg4  1-0

[Event "31. DSenEM2019-Gruppe-50"]
[Site "Radebeul"]
[Date "2019.04.30"]
[Round "5.6"]
[White "Schulze, Andreas"]
[Black "Steiger, Michael"]
[Result "0-1"]
[BlackElo "1982"]
[BlackTeam "SC Kreuzberg"]
[WhiteElo "2135"]
[WhiteTeam "TG Biberach"]

1. e4 { [%clk 1:30:46]}  1... c5 { [%clk 1:30:56]}  2. Nf3 { [%clk 1:29:17]} 
2... e6 { [%clk 1:31:08]}  3. d4 { [%clk 1:29:38]}  3... cxd4 { [%clk 1:31:30]}
 4. Nxd4 { [%clk 1:30:03]}  4... Qb6 { [%clk 1:31:45]}  5. Nb3 { [%clk
1:24:42]}  5... Qc7 { [%clk 1:31:05]}  6. Bd3 { [%clk 1:23:44]}  6... Nf6 {
[%clk 1:30:19]}  7. Be3 { [%clk 1:22:57]}  7... d6 { [%clk 1:25:23]}  8. N1d2 {
[%clk 1:17:40]}  8... Be7 { [%clk 1:22:39]}  9. O-O { [%clk 1:17:40]}  9... O-O
{ [%clk 1:17:14]}  10. f4 { [%clk 1:15:36]}  10... e5 { [%clk 1:15:16]}  11.
Be2 { [%clk 1:09:44]}  11... d5 { [%clk 0:59:42]}  12. fxe5 { [%clk 0:59:57]} 
12... Nxe4 { [%clk 0:59:20]}  13. Nf3 { [%clk 0:50:55]}  13... Be6 { [%clk
0:54:06]}  14. Kh1 { [%clk 0:36:57]}  14... Nc6 { [%clk 0:48:50]}  15. Bf4 {
[%clk 0:30:49]}  15... g5 { [%clk 0:44:28]}  16. Be3 { [%clk 0:29:00]}  16...
Nxe5 { [%clk 0:44:16]}  17. Nfd4 { [%clk 0:26:43]}  17... Nc4 { [%clk 0:29:55]}
 18. Bxc4 { [%clk 0:23:55]}  18... Qxc4 { [%clk 0:29:22]}  19. Nf5 { [%clk
0:19:28]}  19... Bf6 { [%clk 0:24:01]}  20. Nd2 { [%clk 0:15:28]}  20... Qc7 {
[%clk 0:18:16]}  21. Nxe4 { [%clk 0:15:40]}  21... dxe4 { [%clk 0:18:42]}  22.
Qh5 { [%clk 0:09:47]}  22... Kh8 { [%clk 0:16:44]}  23. Ng3 { [%clk 0:06:12]} 
23... Bxb2 { [%clk 0:15:40]}  24. Rab1 { [%clk 0:06:05]}  24... Be5 { [%clk
0:11:51]}  25. Nxe4 { [%clk 0:05:45]}  25... f6 { [%clk 0:09:51]}  26. Nc5 {
[%clk 0:03:34]}  26... Bf7 { [%clk 0:08:56]}  27. Qf3 { [%clk 0:03:41]}  27...
b6 { [%clk 0:08:22]}  28. Nd3 { [%clk 0:04:04]}  28... Bc3 { [%clk 0:06:48]} 
29. Rbd1 { [%clk 0:02:46]}  29... Rad8 { [%clk 0:06:31]}  30. Bc1 { [%clk
0:03:06]}  30... Bd5 { [%clk 0:06:25]}  31. Qh3 { [%clk 0:02:50]}  31... Bxa2 {
[%clk 0:05:46]}  32. Nf2 { [%clk 0:03:03]}  32... Qc8 { [%clk 0:03:47]}  33.
Qe3 { [%clk 0:01:51]}  33... Be5 { [%clk 0:03:54]}  34. Rxd8 { [%clk 0:01:55]} 
34... Rxd8 { [%clk 0:04:16]}  35. Nd3 { [%clk 0:02:23]}  35... Bd4 { [%clk
0:04:15]}  36. Qg3 { [%clk 0:01:31]}  36... Qxc2 { [%clk 0:04:09]}  37. Nb4 {
[%clk 0:01:12]}  37... Qc4 { [%clk 0:04:05]}  38. Rd1 { [%clk 0:01:18]}  38...
Qxb4 { [%clk 0:04:15]}  39. Qc7 { [%clk 0:01:44]}  39... Qd6 { [%clk 0:04:16]} 
40. Qxa7 { [%clk 0:02:00]}  40... Bb3 { [%clk 0:03:57]}  41. Rd3 { [%clk
0:02:24]}  41... Bc4 { [%clk 0:03:36]}  42. Rh3 { [%clk 0:02:49]}  42... Bg8 
0-1

[Event "31. DSenEM2019-Gruppe-50"]
[Site "Radebeul"]
[Date "2019.04.30"]
[Round "5.7"]
[White "Kierzek, Mira"]
[Black "Proschmann, Tino"]
[Result "1/2-1/2"]
[BlackElo "2116"]
[BlackTeam "SC GroÃŸrÃ¶hrsdorf"]
[EventDate "2019.??.??"]
[PlyCount "114"]
[WhiteElo "1978"]
[WhiteTeam "SC Fulda"]

1. c4 c5 2. Nc3 g6 3. g3 Bg7 4. Bg2 Nc6 5. a3 e6 6. Nh3 Nge7 7. Nf4 Rb8 8. Rb1
a5 9. d3 d6 10. e4 Nd4 11. Nb5 Nec6 12. Ne2 O-O 13. O-O b6 14. Nexd4 Nxd4 15.
Nxd4 Bxd4 16. Bh6 Re8 17. b4 axb4 18. axb4 Ra8 19. Qc1 Ra2 20. Bg5 Qd7 21. bxc5
bxc5 22. Be3 Bg7 23. Qd1 Qa7 24. Qb3 Ra3 25. Qd1 Bd7 26. Bc1 Ra4 27. Bb2 Bxb2
28. Rxb2 Rb8 29. Qc2 e5 30. f4 Rxb2 31. Qxb2 Ra2 32. Qc1 Qa3 33. Qxa3 Rxa3 34.
Rd1 Kf8 35. Bf1 Ke7 36. Rd2 Bg4 37. Kf2 Ra1 38. Bg2 Kd8 39. Bf3 Be6 40. Rb2 Kc7
41. Be2 f6 42. Kg2 Ra4 43. Kf2 Ra3 44. Kg2 Bd7 45. Kf2 Ba4 46. Kg2 Bb3 47. Kf2
Kc6 48. Kg2 Kb6 49. Bd1 Ra2 50. Rxa2 Bxa2 51. Kf2 Ka5 52. Ke1 Kb4 53. Kd2 Bb3
54. Bg4 g5 55. fxg5 fxg5 56. Bf5 h6 57. Be6 Ba4  1/2-1/2

[Event "31. DSenEM2019-Gruppe-50"]
[Site "Radebeul"]
[Date "2019.04.30"]
[Round "5.8"]
[White "Kebbedies, Frank"]
[Black "Wenner, Tobias"]
[Result "1/2-1/2"]
[BlackElo "2108"]
[BlackTeam "Sges Bensheim"]
[EventDate "2019.??.??"]
[PlyCount "61"]
[WhiteElo "1740"]
[WhiteTeam "Rastede"]

1. d4 f5 2. Nf3 Nf6 3. c4 g6 4. g3 Bg7 5. Nc3 d6 6. Bg2 O-O 7. O-O c6 8. d5 e5
9. dxe6 Bxe6 10. Qd3 Na6 11. Bf4 Ne8 12. Ng5 Bc8 13. Rad1 Nc5 14. Qd2 Ne6 15.
Nxe6 Bxe6 16. b3 Qa5 17. Na4 Qxd2 18. Rxd2 Rd8 19. Rfd1 Kf7 20. Bxd6 Nxd6 21.
Rxd6 Ke7 22. Rxd8 Rxd8 23. Rxd8 Kxd8 24. Nc5 Bc8 25. h4 b6 26. Nd3 Kc7 27. e4
Kd6 28. Kf1 c5 29. Ke2 Bd4 30. Nf4 Bd7 31. Nd5  1/2-1/2

[Event "31. DSenEM2019-Gruppe-50"]
[Site "Radebeul"]
[Date "2019.04.30"]
[Round "5.9"]
[White "Siggelkow, Axel"]
[Black "Pirrot, Dieter"]
[Result "0-1"]
[BlackElo "2334"]
[BlackTeam "SV Hofheim"]
[EventDate "2019.??.??"]
[PlyCount "116"]
[WhiteElo "1933"]
[WhiteTeam "BSV Chemie Radebeul"]

1. d4 e6 2. Nf3 f5 3. g3 Nf6 4. Bg2 Be7 5. O-O O-O 6. c4 d6 7. Nc3 Ne4 8. Qc2
Nxc3 9. bxc3 Nc6 10. Nd2 e5 11. Nb3 a5 12. d5 Nb8 13. a4 b6 14. f4 e4 15. Nd4
Bf6 16. Be3 Na6 17. Nb5 Bd7 18. Bd4 Qe7 19. e3 Rfc8 20. Rfd1 Qf7 21. Bf1 Be7
22. Rab1 g6 23. Rb2 h6 24. Rdb1 Kh7 25. h4 Nc5 26. Qd1 Bxb5 27. Rxb5 Rg8 28.
R1b2 Nd7 29. Rh2 Nf6 30. Bxf6 Bxf6 31. Rb3 Qd7 32. Ra3 Rgc8 33. Qb3 Rab8 34.
Rd2 Kg7 35. Ra1 Kf7 36. Rad1 g5 37. hxg5 hxg5 38. Rh2 Rh8 39. Rdd2 g4 40. Rc2
Rxh2 41. Rxh2 Kg6 42. c5 dxc5 43. Bb5 Qd6 44. Bc6 c4 45. Qxc4 Qc5 46. Qxc5 bxc5
47. Bb5 Bxc3 48. Rc2 Bb4 49. Kg2 Kf6 50. Bc6 Ke7 51. Bb5 Kd6 52. Bc6 Rh8 53.
Re2 c4 54. Rc2 c3 55. Bb7 Kc5 56. Bc6 Kc4 57. Bd7 Rf8 58. Kf1 Kb3  0-1

[Event "31. DSenEM2019-Gruppe-50"]
[Site "Radebeul"]
[Date "2019.04.30"]
[Round "5.10"]
[White "Terhorst, Jochen"]
[Black "Lauckner, JÃ¶rg"]
[Result "1-0"]
[BlackElo "1975"]
[BlackTeam "SG Leipzig"]
[EventDate "2019.??.??"]
[PlyCount "47"]
[WhiteElo "2165"]
[WhiteTeam "SC Wittlich"]

1. e4 c5 2. d3 Nc6 3. f4 g6 4. Nf3 Bg7 5. Be2 d6 6. O-O e6 7. c3 d5 8. e5 Nge7
9. d4 cxd4 10. cxd4 Qb6 11. Nc3 Nf5 12. Na4 Qd8 13. g4 Nh4 14. Nxh4 Qxh4 15.
Be3 f6 16. Bf2 Qh3 17. exf6 Bxf6 18. g5 e5 19. gxf6 exf4 20. Bf3 Be6 21. Nc5
O-O 22. Nxe6 Qxe6 23. Qb3 Rad8 24. Qxb7  1-0

[Event "31. DSenEM2019-Gruppe-50"]
[Site "Radebeul"]
[Date "2019.04.30"]
[Round "5.11"]
[White "Dehn, Marcus"]
[Black "Schober, Ralf"]
[Result "1-0"]
[BlackElo "2070"]
[BlackTeam "SV Sundern"]
[EventDate "2019.??.??"]
[PlyCount "39"]
[WhiteElo "2110"]
[WhiteTeam "SV KS Braunschweig"]

1. g3 c5 2. Bg2 Nc6 3. Nf3 g6 4. O-O Bg7 5. c3 Qb6 6. d3 d6 7. Nbd2 Qc7 8. a4 e6
9. e4 Nge7 10. Re1 O-O 11. Nf1 Rb8 12. Be3 b6 13. d4 Ba6 14. Rb1 c4 15. d5 exd5
16. exd5 Ne5 17. Nxe5 Bxe5 18. Bg5 Rfe8 19. Rxe5 f6 20. Bxf6  1-0

[Event "31. DSenEM2019-Gruppe-50"]
[Site "Radebeul"]
[Date "2019.04.30"]
[Round "5.12"]
[White "Noack, Mario"]
[Black "Redzepovic, Irfan"]
[Result "0-1"]
[BlackElo "2075"]
[BlackTeam "SW NÃ¼rnberg SÃ¼d"]
[EventDate "2019.??.??"]
[PlyCount "70"]
[WhiteElo "1944"]
[WhiteTeam "SC GroÃŸrÃ¶hrsdorf"]

1. c4 c5 2. g3 Nc6 3. Bg2 Nf6 4. Nc3 e6 5. e3 d5 6. cxd5 exd5 7. d4 Bg4 8. Qb3
c4 9. Qa4 a6 10. Nge2 b5 11. Qd1 b4 12. Nxd5 Nxd5 13. e4 Bxe2 14. Kxe2 Nxd4+
15. Kf1 Nb6 16. Be3 Bc5 17. Qg4 O-O 18. Rd1 Ra7 19. Bg5 f6 20. Be3 Rd7 21. Bh3
c3 22. bxc3 bxc3 23. Kg2 f5 24. Qh5 g6 25. Qh6 Qa8 26. f3 Nc4 27. Bg5 Rb7 28.
Rhe1 Rb2+ 29. Kh1 Nxf3 30. Bg2 Rxg2 31. Kxg2 Nxe1+ 32. Rxe1 fxe4 33. Kh3 Qc8+
34. Kh4 Ne5 35. Rxe4 Nf3#  0-1

[Event "31. DSenEM2019-Gruppe-50"]
[Site "Radebeul"]
[Date "2019.04.30"]
[Round "5.13"]
[White "Wunder, Stefan"]
[Black "Krien, Hartmut"]
[Result "1-0"]
[BlackElo "1853"]
[BlackTeam "SK Heidenau"]
[EventDate "2019.??.??"]
[PlyCount "27"]
[WhiteElo "2032"]
[WhiteTeam "FC Nordhalben"]

1. Nf3 Nf6 2. g3 g6 3. Bg2 Bg7 4. c4 c5 5. O-O O-O 6. d4 e6 7. dxc5 Na6 8. Nc3
Nxc5 9. Bf4 Ne8 10. Rc1 d6 11. Qd2 Qb6 12. b3 Qb4 13. Bh6 Ne4 14. Nxe4  1-0

[Event "31. DSenEM2019-Gruppe-50"]
[Site "Radebeul"]
[Date "2019.04.30"]
[Round "5.14"]
[White "Noldt, Torsten"]
[Black "Wagner, Bernd"]
[Result "1-0"]
[BlackElo "1948"]
[BlackTeam "Aufbau Bernburg"]
[EventDate "2019.??.??"]
[PlyCount "105"]
[WhiteElo "2013"]
[WhiteTeam "Elmshorner SC"]

1. Nf3 g6 2. d4 Bg7 3. Bf4 Nf6 4. e3 O-O 5. h3 c5 6. c3 d6 7. Bd3 Qb6 8. Qc2 Nc6
9. O-O Re8 10. Nbd2 Bd7 11. Bh2 Rec8 12. Nc4 Qd8 13. dxc5 dxc5 14. Rad1 Qe8 15.
a4 Be6 16. Ng5 Bxc4 17. Bxc4 e6 18. Rd2 Na5 19. Bb5 Nc6 20. Rfd1 h6 21. Ne4
Nxe4 22. Qxe4 a6 23. Bxc6 Qxc6 24. Qxc6 Rxc6 25. a5 b6 26. Rd7 bxa5 27. Rb7 f5
28. Rdd7 Bf6 29. Bb8 Rc8 30. Bd6 Rc6 31. Be7 Bxe7 32. Rxe7 Rd6 33. Rg7+ Kh8 34.
Rxg6 Rad8 35. Rxh6+ Kg8 36. Rg6+ Kf8 37. h4 e5 38. Rgg7 Rb8 39. g3 a4 40. Rgc7
Rd1+ 41. Kg2 Rxb7 42. Rxb7 Rb1 43. Ra7 Rxb2 44. Rxa6 Rb3 45. Rxa4 Rxc3 46. Ra7
c4 47. Rc7 Rc2 48. Rc5 Kf7 49. Rxe5 Kf6 50. Rc5 c3 51. h5 Rc1 52. h6 c2 53. Rc7
 1-0

[Event "31. DSenEM2019-Gruppe-50"]
[Site "Radebeul"]
[Date "2019.04.30"]
[Round "5.15"]
[White "Bigott, Martin"]
[Black "Bohnstorff, Michael"]
[Result "0-1"]
[BlackElo "2044"]
[BlackTeam "SC LÃ¼neburg"]
[EventDate "2019.??.??"]
[PlyCount "42"]
[WhiteElo "1782"]
[WhiteTeam "SF Lohmar"]

1. c4 c6 2. Nc3 d5 3. cxd5 cxd5 4. d4 Nf6 5. Nf3 e6 6. e3 Be7 7. Be2 O-O 8. O-O
a6 9. a3 Nc6 10. b4 Bd6 11. Bb2 b5 12. Nd2 e5 13. dxe5 Nxe5 14. e4 d4 15. Nd5
Nxd5 16. exd5 d3 17. Bf3 Bf5 18. Be4 Bxe4 19. Nxe4 Nc4 20. Bc3 Bxh2+ 21. Kh1
Qh4  0-1